| 000 | 01006nam a2200229Ia 4500 | ||
|---|---|---|---|
| 999 |
_c38405 _d38405 |
||
| 001 | 4416 | ||
| 003 | GE_BSU | ||
| 005 | 20190516162714.0 | ||
| 008 | 181216s1972||||ge |||||||||||||| ||geo|| | ||
| 040 | _cGE_BSU | ||
| 041 | _ageo | ||
| 080 | _a532(075) დ–19 | ||
| 100 |
_aდანელია,ნ.თ. _91257 |
||
| 245 |
_aჰიდრავლიკა. ზოგადი კურსი : ნაწილი პირველი : სახელმძღ. / _cნ.თ.დანელია ; რედ : ნ.ქუთათელაძე ; ა.პაპაშვილი. |
||
| 264 |
_aთბილისი : _bგანათლება, _c1972. |
||
| 300 |
_a507 გვ . ; _bილ ; _c25 სმ. |
||
| 653 | _aჰიდრავლიკა | ||
| 653 | _aჰიდრომექანიკა | ||
| 700 |
_aქუთათელაძე, ნ _eრედაქტორი _91248 |
||
| 700 |
_aპაპაშვილი, ა _eრედაქტორი _91258 |
||
| 942 |
_cBK _2udc |
||